[Event "Gausdal Classics 2008 GM-B"]
[Site "Gausdal NOR"]
[Date "2008.04.09"]
[Round "2.4"]
[White "Djurhuus, Rune"]
[Black "Westerinen, Heikki M.J"]
[Result "1/2-1/2"]
[WhiteElo "2459"]
[BlackElo "2357"]
[PlyCount "91"]
[EventDate "2008.04.08"]
[EventType "swiss"]
[EventRounds "9"]
[EventCountry "NOR"]
[Source "lmi"]
[SourceDate "2008.04.08"]

1. d4 Nf6 2. c4 g6 3. Nc3 Bg7 4. e4 d6 5. Be2 O-O 6. Bg5 Nbd7 7. Qd2 a6 8. h4
c5 9. d5 b5 10. cxb5 axb5 11. Bxb5 Qa5 12. a4 Ba6 13. Bxa6 Rxa6 14. Nge2 Rb8
15. O-O Rab6 16. Ra2 Ne5 17. Rb1 Qb4 18. Qc2 Qb3 19. Qxb3 Rxb3 20. f3 h6 21.
Bd2 Nc4 22. Be1 Nd7 23. a5 Ra8 24. Ra4 Rb4 25. Rxb4 cxb4 26. Nd1 Rxa5 27. Bxb4
Rb5 28. Bc3 Bxc3 29. Nexc3 Rb3 30. Kf2 Nc5 31. Ke2 f5 32. exf5 gxf5 33. Ne3
Nxe3 34. Kxe3 Na4 35. Rc1 Nxb2 36. Ke2 Kf7 37. Rb1 Rxc3 38. Rxb2 Rc5 39. Rd2
Kf6 40. Kf2 Rc4 41. Kg3 h5 42. Kh3 Rc3 43. Re2 Rd3 44. Re6+ Kf7 45. Rh6 Rxd5
46. Rxh5 1/2-1/2

[Event "Gausdal Classics 2008 GM-B"]
[Site "Gausdal NOR"]
[Date "2008.04.09"]
[Round "2.5"]
[White "Kremenietsky, Anatoly M"]
[Black "Hammer, Jon Ludvig"]
[Result "1/2-1/2"]
[WhiteElo "2354"]
[BlackElo "2457"]
[PlyCount "147"]
[EventDate "2008.04.08"]
[EventType "swiss"]
[EventRounds "9"]
[EventCountry "NOR"]
[Source "lmi"]
[SourceDate "2008.04.08"]

1. d4 Nf6 2. c4 e6 3. Nc3 Bb4 4. Qc2 d5 5. cxd5 exd5 6. Bg5 c5 7. Nf3 cxd4 8.
Nxd4 Nc6 9. Nxc6 bxc6 10. e3 h6 11. Bh4 O-O 12. Be2 g5 13. Bg3 Ne4 14. Bd3 f5
15. Bxe4 fxe4 16. O-O Ba6 17. Rfc1 Bd3 18. Qa4 Qb6 19. Qd1 Rf5 20. Na4 Qb5 21.
a3 Be7 22. b4 a5 23. Nc5 Bc4 24. Ne6 Qb7 25. Qg4 Rf6 26. Be5 Qd7 27. Bxf6 Bxf6
28. Rab1 Re8 29. bxa5 Qxe6 30. Qxe6+ Rxe6 31. Rb6 Bd8 32. Rb8 Rd6 33. Rc8 c5
34. Rxc5 Kg7 35. g3 Ra6 36. R1xc4 dxc4 37. Rxc4 Rxa5 38. Rxe4 Rxa3 39. Kg2 h5
40. h3 Ra2 41. g4 h4 42. Re5 Kf6 43. Rf5+ Ke6 44. Kf3 Ra1 45. Kg2 Ra7 46. Kf3
Bf6 47. Kg2 Rd7 48. Kf3 Rd1 49. Kg2 Ra1 50. Kh2 Rc1 51. Kg2 Kf7 52. Rb5 Rc6 53.
Rd5 Kg6 54. Rf5 Bd8 55. Kf3 Bc7 56. Kg2 Rc2 57. Kf1 Rd2 58. Rf3 Rd5 59. Kg2 Bd6
60. Kf1 Kg7 61. Kg2 Ra5 62. Kf1 Be7 63. Kg2 Bd6 64. Kf1 Kg6 65. Kg1 Rb5 66. Kg2
Kg7 67. Kf1 Be7 68. Kg2 Bf6 69. Rf5 Rxf5 70. gxf5 Be5 71. Kf3 Kf6 72. Kg4 Bc3
73. f4 gxf4 74. Kxf4 1/2-1/2

[Event "Gausdal Classics 2008 GM-B"]
[Site "Gausdal NOR"]
[Date "2008.04.09"]
[Round "2.6"]
[White "Sundararajan, Kidambi"]
[Black "Afek, Yochanan"]
[Result "1-0"]
[WhiteElo "2441"]
[BlackElo "2333"]
[PlyCount "57"]
[EventDate "2008.04.08"]
[EventType "swiss"]
[EventRounds "9"]
[EventCountry "NOR"]
[Source "lmi"]
[SourceDate "2008.04.08"]

1. d4 Nf6 2. Nf3 e6 3. c4 c5 4. d5 exd5 5. cxd5 d6 6. Nc3 g6 7. h3 Bg7 8. e4
O-O 9. Bd3 b5 10. Bxb5 Nxe4 11. Nxe4 Qa5+ 12. Nfd2 Qxb5 13. Nxd6 Qd7 14. N2c4
Ba6 15. O-O Bd4 16. Qf3 Rd8 17. Re1 Bxc4 18. Nxc4 Qf5 19. Qxf5 gxf5 20. Bh6 Nd7
21. Nd6 Bxb2 22. Rab1 Be5 23. Nxf5 Rab8 24. Rxb8 Bxb8 25. Ne7+ Kh8 26. Nc6 Rc8
27. Re7 Nf6 28. Rxf7 Nxd5 29. Rf8+ 1-0

[Event "Gausdal Classics 2008 GM-B"]
[Site "Gausdal NOR"]
[Date "2008.04.09"]
[Round "2.8"]
[White "Elsness, Frode"]
[Black "Eriksen, Terje"]
[Result "1/2-1/2"]
[WhiteElo "2429"]
[BlackElo "2170"]
[PlyCount "95"]
[EventDate "2008.04.08"]
[EventType "swiss"]
[EventRounds "9"]
[EventCountry "NOR"]
[Source "lmi"]
[SourceDate "2008.04.08"]

1. d4 Nf6 2. c4 g6 3. Nf3 Bg7 4. Nc3 d5 5. e3 O-O 6. b4 b6 7. Ba3 c5 8. bxc5
bxc5 9. Rc1 cxd4 10. Nxd4 Re8 11. Be2 Bb7 12. Qb3 Qb6 13. Rb1 Nc6 14. Nc2 Na5
15. c5 Qd8 16. Qb4 Rb8 17. O-O Nd7 18. Bb5 Bc6 19. Qa4 Bxc3 20. Bxc6 Nxc6 21.
Qxc6 Ne5 22. Qa4 Qa5 23. Qxa5 Bxa5 24. Bb4 Nc6 25. Bxa5 Nxa5 26. Nb4 Rec8 27.
Nxd5 Rxb1 28. Nxe7+ Kf8 29. Nxc8 Rb2 30. Ra1 a6 31. Nd6 Rc2 32. Ne4 Nb7 33. Ng5
Rxc5 34. Nf3 Rc2 35. Nd4 Rb2 36. f3 Nd6 37. a4 Nc4 38. Re1 Ra2 39. e4 Rxa4 40.
Nc6 Nd6 41. Rd1 Nc4 42. Rd8+ Kg7 43. Rd7 Ra2 44. g3 a5 45. e5 Kg8 46. Rd8+ Kg7
47. Rd7 Kg8 48. Rd8+ 1/2-1/2

[Event "Gausdal Classics 2008 GM-B"]
[Site "Gausdal NOR"]
[Date "2008.04.09"]
[Round "2.9"]
[White "Royset, Paal"]
[Black "Levin, Felix"]
[Result "0-1"]
[WhiteElo "2204"]
[BlackElo "2546"]
[PlyCount "136"]
[EventDate "2008.04.08"]
[EventType "swiss"]
[EventRounds "9"]
[EventCountry "NOR"]
[Source "lmi"]
[SourceDate "2008.04.08"]

1. e4 c6 2. d4 d5 3. exd5 cxd5 4. c4 Nf6 5. Nc3 e6 6. a3 Be7 7. Nf3 O-O 8. Bd3
dxc4 9. Bxc4 Nbd7 10. O-O Nb6 11. Ba2 Bd7 12. Ne5 Bc6 13. Qd3 Nbd5 14. Re1 Rc8
15. Bg5 Nxc3 16. bxc3 Nd5 17. Bb1 g6 18. Bh6 Re8 19. Qg3 Bh4 20. Qh3 b5 21. Be4
Ba8 22. Bd2 f5 23. Bxd5 Bxd5 24. a4 a6 25. axb5 axb5 26. Ra7 Re7 27. Rea1 Bf6
28. Qg3 Rec7 29. R7a6 Qe7 30. Rb6 Ra7 31. Rb1 Be4 32. Nd3 Ra2 33. Qe3 e5 34.
R6xb5 exd4 35. cxd4 Bxd4 36. Qe1 Qd7 37. R5b3 Re8 38. Be3 Bxe3 39. Qxe3 Bxg2
40. Qxe8+ Qxe8 41. Rb8 Bc6 42. Ne5 Kg7 43. Rxe8 Bxe8 44. Rb8 Ba4 45. f4 Bc2 46.
Rb7+ Kh6 47. Re7 Ra4 48. Rc7 Bb3 49. Rc3 Bd5 50. Rd3 Ba8 51. Rd8 Ra2 52. Rc8
Be4 53. Rc4 Rg2+ 54. Kf1 Ra2 55. Kg1 Kh5 56. Rc7 h6 57. Rg7 Rg2+ 58. Kf1 Rxh2
59. Rxg6 Rh4 60. Kf2 Rxf4+ 61. Ke3 Rf3+ 62. Ke2 Rb3 63. Rg7 f4 64. Nd7 f3+ 65.
Kf2 Rb2+ 66. Ke3 Re2+ 67. Kf4 Rg2 68. Rg3 f2 0-1

[Event "Gausdal Classics 2008 GM-B"]
[Site "Gausdal NOR"]
[Date "2008.04.09"]
[Round "2.10"]
[White "Rotstein, Arkadij"]
[Black "Andreasen, Per"]
[Result "1-0"]
[WhiteElo "2528"]
[BlackElo "2242"]
[PlyCount "25"]
[EventDate "2008.04.08"]
[EventType "swiss"]
[EventRounds "9"]
[EventCountry "NOR"]
[Source "lmi"]
[SourceDate "2008.04.08"]

1. d4 g6 2. e4 Bg7 3. Nf3 d6 4. Bc4 e6 5. c3 Ne7 6. Nbd2 a6 7. Bb3 b6 8. h4 h6
9. Nf1 Nd7 10. Ng3 h5 11. Ng5 d5 12. Qf3 O-O 13. e5 1-0

[Event "Gausdal Classics 2008 GM-B"]
[Site "Gausdal NOR"]
[Date "2008.04.09"]
[Round "2.11"]
[White "Saltaev, Mihail"]
[Black "Grotnes, Nils Ragnar"]
[Result "1-0"]
[WhiteElo "2500"]
[BlackElo "2256"]
[PlyCount "67"]
[EventDate "2008.04.08"]
[EventType "swiss"]
[EventRounds "9"]
[EventCountry "NOR"]
[Source "lmi"]
[SourceDate "2008.04.08"]

1. e4 e5 2. Nf3 Nc6 3. Bb5 a6 4. Ba4 Nf6 5. d3 d6 6. c3 Be7 7. Nbd2 O-O 8. Nf1
b5 9. Bb3 Na5 10. Bc2 c5 11. Ng3 Qc7 12. O-O Nc6 13. Re1 Re8 14. h3 h6 15. Nh4
d5 16. Nhf5 Bf8 17. Qf3 dxe4 18. Nxh6+ gxh6 19. Qxf6 Re6 20. Qh4 exd3 21. Bxd3
Ne7 22. Qg4+ Rg6 23. Qh5 Re6 24. Re4 Bg7 25. Bc2 Kf8 26. Be3 Nd5 27. Rh4 Nxe3
28. fxe3 Qe7 29. Nf5 Qe8 30. Be4 Ra7 31. Rf1 Bb7 32. Rg4 Rg6 33. Nxg7 Kxg7 34.
Rxf7+ 1-0

[Event "Gausdal Classics 2008 GM-B"]
[Site "Gausdal NOR"]
[Date "2008.04.09"]
[Round "2.13"]
[White "Forsaa, Espen"]
[Black "Bromberger, Stefan"]
[Result "0-1"]
[WhiteElo "2312"]
[BlackElo "2487"]
[PlyCount "74"]
[EventDate "2008.04.08"]
[EventType "swiss"]
[EventRounds "9"]
[EventCountry "NOR"]
[Source "lmi"]
[SourceDate "2008.04.08"]

1. e4 c5 2. Nf3 d6 3. d4 cxd4 4. Nxd4 Nf6 5. Nc3 a6 6. Be3 e5 7. Nb3 Be6 8. Qd2
Nbd7 9. O-O-O Be7 10. f4 b5 11. f5 Bc4 12. Kb1 Qc7 13. h3 Rc8 14. a3 h5 15. Bd3
d5 16. Nxd5 Nxd5 17. exd5 Bxd5 18. Rhe1 O-O 19. g4 Nf6 20. Bg5 e4 21. Bf4 Qb7
22. Na5 Qb6 23. Be3 Bc5 24. Bxc5 Qxc5 25. Bf1 Rfd8 26. Nb3 Bxb3 27. Qxd8+ Rxd8
28. Rxd8+ Kh7 29. cxb3 hxg4 30. hxg4 Kh6 31. Rd2 Kg5 32. Rg2 Qd4 33. Be2 Nd5
34. Rd1 Qe5 35. Rh1 Nf4 36. Rgh2 Qd4 37. Bd1 e3 0-1

[Event "Gausdal Classics 2008 GM-B"]
[Site "Gausdal NOR"]
[Date "2008.04.09"]
[Round "2.14"]
[White "Vovk, Oksana"]
[Black "Prasad, Arun"]
[Result "0-1"]
[WhiteElo "2166"]
[BlackElo "2465"]
[PlyCount "90"]
[EventDate "2008.04.08"]
[EventType "swiss"]
[EventRounds "9"]
[EventCountry "NOR"]
[Source "lmi"]
[SourceDate "2008.04.08"]

1. d4 Nf6 2. Nf3 g6 3. c4 Bg7 4. Nc3 O-O 5. Bg5 c5 6. d5 b5 7. cxb5 a6 8. bxa6
Bxa6 9. e4 Bxf1 10. Kxf1 d6 11. Qc1 Qb6 12. g3 Na6 13. Kg2 Rfb8 14. b3 Nc7 15.
Re1 Ra6 16. Nd2 Qb7 17. f3 e6 18. dxe6 Nxe6 19. Nc4 Qa8 20. Bd2 Nd7 21. Rb1 Ne5
22. Nxe5 Bxe5 23. Na4 Rb7 24. Qc4 Rba7 25. Bc3 Nd4 26. Red1 h6 27. Rd2 Kh7 28.
Rbd1 Bg7 29. Bxd4 Bxd4 30. Nc3 Bxc3 31. Qxc3 Rxa2 32. Qf6 Qb8 33. Qc3 Qb5 34.
Kg1 R7a6 35. Qc4 Qxc4 36. bxc4 Rxd2 37. Rxd2 Kg7 38. Kf2 Kf6 39. Ke3 Ke6 40.
Kd3 Ra3+ 41. Ke2 Rc3 42. Rd5 Rxc4 43. Kd3 Rc1 44. Ke3 Rc3+ 45. Ke2 Rc2+ 0-1

[Event "Gausdal Classics 2008 GM-B"]
[Site "Gausdal NOR"]
[Date "2008.04.09"]
[Round "2.15"]
[White "Kovachev, Daniel Jakobsen"]
[Black "Lindberg, Bengt"]
[Result "1-0"]
[WhiteElo "2189"]
[BlackElo "2442"]
[PlyCount "133"]
[EventDate "2008.04.08"]
[EventType "swiss"]
[EventRounds "9"]
[EventCountry "NOR"]
[Source "lmi"]
[SourceDate "2008.04.08"]

1. e4 c5 2. Nf3 e6 3. d4 cxd4 4. Nxd4 Nc6 5. Nc3 Qc7 6. Be3 a6 7. Bd3 Nf6 8.
O-O Ne5 9. h3 Bc5 10. Qe2 d6 11. f4 Ng6 12. Nb3 Bxe3+ 13. Qxe3 b5 14. Rae1 O-O
15. a3 Bb7 16. Rf2 e5 17. f5 Nf4 18. Bf1 d5 19. exd5 Rfe8 20. Qc5 Qd7 21. Na5
Bxd5 22. g3 Rac8 23. Qb6 N4h5 24. g4 Nf4 25. Rd2 Qe7 26. Qe3 Ba8 27. Red1 Qc7
28. Nb3 Qb7 29. Rh2 N6d5 30. Nxd5 Nxd5 31. Qg3 a5 32. c3 b4 33. axb4 axb4 34.
c4 Nf4 35. Qe3 Qe7 36. Rhd2 Qg5 37. Kh2 h5 38. Qg3 hxg4 39. hxg4 Qh6+ 40. Kg1
Qh1+ 41. Kf2 e4 42. Ke3 g5 43. fxg6 Nxg6 44. Be2 Qh6+ 45. g5 Qg7 46. Nd4 Ne7
47. Qf4 Ng6 48. Qf5 Qh7 49. Rf1 Rc5 50. Qd7 Re7 51. Qg4 Ne5 52. Qg3 Bc6 53. b3
Bd7 54. Rdd1 Nf3 55. Bxf3 exf3+ 56. Kf2 Rce5 57. Nxf3 Re2+ 58. Kg1 Bc6 59. Rd8+
Kg7 60. Qd6 R2e6 61. Qd4+ Re5 62. Nh4 Be4 63. Rf4 R7e6 64. Kf2 Bc6 65. Kg3 Be4
66. c5 Bc6 67. Rf5 1-0

[Event "Gausdal Classics 2008 GM-B"]
[Site "Gausdal NOR"]
[Date "2008.04.09"]
[Round "2.16"]
[White "Collins, Sam E"]
[Black "Groffen, Hans"]
[Result "1/2-1/2"]
[WhiteElo "2421"]
[BlackElo "2220"]
[PlyCount "109"]
[EventDate "2008.04.08"]
[EventType "swiss"]
[EventRounds "9"]
[EventCountry "NOR"]
[Source "lmi"]
[SourceDate "2008.04.08"]

1. c4 Nf6 2. Nc3 e5 3. g3 Nc6 4. Bg2 d6 5. d3 g6 6. e4 Bg7 7. Nge2 O-O 8. O-O
Be6 9. Nd5 Ne8 10. Rb1 a5 11. a3 Ne7 12. d4 c6 13. Ne3 d5 14. cxd5 cxd5 15.
exd5 Nxd5 16. dxe5 Nxe3 17. Bxe3 Bxe5 18. Bd4 Bxd4 19. Qxd4 Qxd4 20. Nxd4 Bc4
21. Rfd1 Nd6 22. Nc6 bxc6 23. Rxd6 Rab8 24. Rc1 Bd5 25. Bxd5 cxd5 26. Rxd5 Rxb2
27. Rxa5 Rd8 28. Rc3 Rd7 29. Kg2 Kg7 30. Rf3 Ra2 31. g4 h6 32. h3 Ra1 33. Ra6
Rc7 34. Rf4 Ra2 35. h4 Re7 36. Kg3 Rc7 37. a4 Rc3+ 38. Kg2 Rc7 39. Ra5 Ra3 40.
Ra6 Rd7 41. Ra5 Rc7 42. h5 g5 43. Re4 Ra2 44. Kg3 Rc3+ 45. Kg2 Rc7 46. Rd4 Re7
47. Rc5 Ra7 48. Rcc4 Rb7 49. Rb4 Rc7 50. Rdc4 Rd7 51. Kf3 Re7 52. Re4 Rd7 53.
Red4 Re7 54. Re4 Rd7 55. Rbd4 1/2-1/2

[Event "Gausdal Classics 2008 GM-B"]
[Site "Gausdal NOR"]
[Date "2008.04.09"]
[Round "2.17"]
[White "Obers, Frits"]
[Black "Vidonyak, Roman"]
[Result "0-1"]
[WhiteElo "2111"]
[BlackElo "2400"]
[PlyCount "44"]
[EventDate "2008.04.08"]
[EventType "swiss"]
[EventRounds "9"]
[EventCountry "NOR"]
[Source "lmi"]
[SourceDate "2008.04.08"]

1. c4 d6 2. g3 e5 3. Bg2 Nc6 4. Nc3 Be6 5. d3 Qd7 6. Rb1 Nge7 7. Nd5 Nd8 8. b4
c6 9. Nxe7 Bxe7 10. Nf3 Bh3 11. Bxh3 Qxh3 12. e4 O-O 13. Ng1 Qe6 14. Qe2 f5 15.
Kf1 Qg6 16. f3 Ne6 17. Bb2 Rf7 18. exf5 Rxf5 19. Rd1 Raf8 20. Qe3 Qf7 21. h4
Bd8 22. Qxa7 Rxf3+ 0-1

[Event "Gausdal Classics 2008 GM-B"]
[Site "Gausdal NOR"]
[Date "2008.04.09"]
[Round "2.20"]
[White "Stokke, Kjetil"]
[Black "Andersen, Mads"]
[Result "0-1"]
[WhiteElo "2375"]
[BlackElo "2020"]
[PlyCount "56"]
[EventDate "2008.04.08"]
[EventType "swiss"]
[EventRounds "9"]
[EventCountry "NOR"]
[Source "lmi"]
[SourceDate "2008.04.08"]

1. c4 Nf6 2. Nc3 e5 3. Nf3 Nc6 4. e3 Bb4 5. Qc2 Bxc3 6. Qxc3 Qe7 7. a3 a5 8. b3
d5 9. cxd5 Nxd5 10. Qb2 O-O 11. d3 Bg4 12. Bd2 f5 13. Rc1 e4 14. Nd4 Qf6 15.
Rc5 Rad8 16. Rxd5 Rxd5 17. Bc3 Ne5 18. h3 Bh5 19. g4 fxg4 20. dxe4 Nf3+ 21. Kd1
Nxd4 22. Bc4 Qf3+ 23. Kd2 Nxb3+ 24. Kc2 Qxe4+ 25. Kxb3 a4+ 26. Kb4 c5+ 27. Kb5
Be8+ 28. Kb6 Qxc4 0-1

[Event "Gausdal Classics 2008 GM-B"]
[Site "Gausdal NOR"]
[Date "2008.04.09"]
[Round "2.21"]
[White "Kadziolka, Beata"]
[Black "Bentsen, Oyvind"]
[Result "1-0"]
[WhiteElo "2326"]
[BlackElo "2115"]
[PlyCount "99"]
[EventDate "2008.04.08"]
[EventType "swiss"]
[EventRounds "9"]
[EventCountry "NOR"]
[Source "lmi"]
[SourceDate "2008.04.08"]

1. d4 Nf6 2. c4 g6 3. Nc3 Bg7 4. e4 d6 5. Nf3 O-O 6. h3 e5 7. d5 a5 8. Bg5 Nbd7
9. Be2 Nc5 10. Nd2 c6 11. O-O Qc7 12. b3 Bd7 13. a3 h6 14. Be3 Na6 15. Rb1 c5
16. f4 Nh7 17. f5 g5 18. g4 b6 19. Nf3 f6 20. Ne1 Rf7 21. Rf2 Be8 22. Bf1 Qd8
23. Rfb2 Rfa7 24. Qd2 Bf8 25. Qf2 Qc8 26. Nd3 Be7 27. Na2 Nf8 28. h4 Nd7 29.
Qg3 Bf8 30. Rh2 Bg7 31. Nc3 Nf8 32. Ne1 Nh7 33. Nf3 Qd8 34. Kf2 Bf8 35. Bd3 Rf7
36. Rbh1 Raa7 37. Rh3 Rab7 38. Qh2 Ra7 39. hxg5 fxg5 40. Rxh6 Bxh6 41. Qxh6 Rg7
42. Ne2 Raf7 43. Neg1 Nc7 44. a4 Rf6 45. Qh2 Rf8 46. Nh3 Nf6 47. Kg3 Nxg4 48.
Kxg4 Bh5+ 49. Kg3 g4 50. Nhg5 1-0

[Event "Gausdal Classics 2008 GM-B"]
[Site "Gausdal NOR"]
[Date "2008.04.09"]
[Round "2.22"]
[White "Berelovich, Aleksandar"]
[Black "Mader, Manuela"]
[Result "1-0"]
[WhiteElo "2595"]
[BlackElo "2161"]
[PlyCount "101"]
[EventDate "2008.04.08"]
[EventType "swiss"]
[EventRounds "9"]
[EventCountry "NOR"]
[Source "lmi"]
[SourceDate "2008.04.08"]

1. e4 c6 2. Nc3 d5 3. Nf3 Bg4 4. h3 Bxf3 5. Qxf3 e6 6. g3 Nd7 7. d3 Ngf6 8. Bg2
Be7 9. O-O O-O 10. Qe2 dxe4 11. dxe4 e5 12. Nd1 Nc5 13. Ne3 Ncxe4 14. Nf5 Nd6
15. Rd1 Qd7 16. Qxe5 Qxf5 17. Qxe7 Nfe4 18. Be3 Rfe8 19. Qh4 Qe6 20. Rd4 Nf6
21. g4 Nc4 22. Bg5 Ne5 23. Bxf6 Ng6 24. Qg5 gxf6 25. Qd2 f5 26. a4 fxg4 27.
hxg4 Qf6 28. g5 Qf5 29. Ra3 Re5 30. f4 Re7 31. Bh3 Qc5 32. b4 Qb6 33. a5 Qc7
34. f5 c5 35. Rc3 Ne5 36. Rd5 Nc4 37. Qf2 cxb4 38. Rcd3 Ne5 39. Rd1 Nc6 40. f6
Re4 41. Bf5 Rc4 42. Bd3 Rg4+ 43. Kh1 Qf4 44. Qxf4 Rxf4 45. Bb5 h6 46. a6 bxa6
47. Bxc6 Rc8 48. Bd7 Rxc2 49. Bf5 Rxf5 50. Rxf5 b3 51. g6 1-0

[Event "Gausdal Classics 2008 GM-B"]
[Site "Gausdal NOR"]
[Date "2008.04.09"]
[Round "2.24"]
[White "Tolhuizen, Ludo"]
[Black "Ofstad, Per"]
[Result "1-0"]
[WhiteElo "2248"]
[BlackElo "2155"]
[PlyCount "117"]
[EventDate "2008.04.08"]
[EventType "swiss"]
[EventRounds "9"]
[EventCountry "NOR"]
[Source "lmi"]
[SourceDate "2008.04.08"]

1. d4 e6 2. c4 f5 3. g3 Nf6 4. Bg2 c6 5. Nf3 d5 6. O-O Bd6 7. b3 Qe7 8. Bb2 O-O
9. Nbd2 Bd7 10. Ne5 Be8 11. Ndf3 Bh5 12. c5 Bc7 13. b4 Nbd7 14. Nd3 Ne4 15. Nd2
e5 16. dxe5 Nxe5 17. Nf3 Nc4 18. Bd4 Rae8 19. Re1 f4 20. Qc1 fxg3 21. hxg3 Qd7
22. Nb2 Ne5 23. Bxe5 Bxe5 24. Nxe5 Rxe5 25. Nd3 Ref5 26. Bh3 Qf7 27. Bxf5 Qxf5
28. Qf4 Qe6 29. Qh4 Be8 30. Kg2 g5 31. Qh3 Qe7 32. f3 Bd7 33. g4 Nc3 34. Qg3
Rf6 35. Qe5 Qxe5 36. Nxe5 Be8 37. e3 Re6 38. f4 gxf4 39. exf4 Ne4 40. Nd3 Rg6
41. Nf2 Bd7 42. Nxe4 dxe4 43. Rxe4 Bxg4 44. Kf2 Kf7 45. Rae1 Be6 46. f5 Bxf5
47. Re7+ Kf6 48. Rxb7 h5 49. Rd1 Ke5 50. Re7+ Be6 51. Rh1 Kf6 52. Rxa7 Rg4 53.
a3 h4 54. Rh7 Rf4+ 55. Ke3 Rc4 56. R1xh4 Rc3+ 57. Kd4 Rxa3 58. R7h6+ Kf7 59.
Rf4+ 1-0

[Event "Gausdal Classics 2008 GM-B"]
[Site "Gausdal NOR"]
[Date "2008.04.09"]
[Round "2.25"]
[White "Naslund, Mikael"]
[Black "Stips, Felix"]
[Result "1-0"]
[WhiteElo "2228"]
[BlackElo "2102"]
[PlyCount "33"]
[EventDate "2008.04.08"]
[EventType "swiss"]
[EventRounds "9"]
[EventCountry "NOR"]
[Source "lmi"]
[SourceDate "2008.04.08"]

1. d4 Nf6 2. c4 e6 3. g3 c5 4. d5 exd5 5. cxd5 b5 6. Bg2 d6 7. b4 cxb4 8. a3
bxa3 9. Nxa3 b4 10. Qa4+ Bd7 11. Qxb4 Na6 12. Qc4 Qb6 13. Be3 Qc7 14. Nf3 Nxd5
15. Qe4+ Be7 16. O-O Nb6 17. Bxb6 1-0

[Event "Gausdal Classics 2008 GM-B"]
[Site "Gausdal NOR"]
[Date "2008.04.09"]
[Round "2.27"]
[White "Olsson, Lars"]
[Black "Bentsen, Hakon"]
[Result "1/2-1/2"]
[WhiteElo "2067"]
[BlackElo "2180"]
[PlyCount "57"]
[EventDate "2008.04.08"]
[EventType "swiss"]
[EventRounds "9"]
[EventCountry "NOR"]
[Source "lmi"]
[SourceDate "2008.04.08"]

1. c4 e6 2. e4 d5 3. exd5 exd5 4. d4 Nf6 5. Nc3 c6 6. Nf3 Be7 7. cxd5 Nxd5 8.
Nxd5 Qxd5 9. Be2 O-O 10. O-O Bg4 11. h3 Bh5 12. g4 Bg6 13. Ne5 Rd8 14. Be3 Nd7
15. Nxg6 hxg6 16. Bf3 Qd6 17. Qb3 Nb6 18. Rfe1 Rd7 19. Rac1 Qb4 20. Qd3 Nd5 21.
Bd2 Qd6 22. Re4 g5 23. Rce1 g6 24. Re6 Qc7 25. Rxg6+ fxg6 26. Qxg6+ Kh8 27.
Qh6+ Kg8 28. Qg6+ Kh8 29. Qh6+ 1/2-1/2

[Event "Gausdal Classics 2008 GM-B"]
[Site "Gausdal NOR"]
[Date "2008.04.09"]
[Round "2.28"]
[White "Van Den Bersselaar, Jeroen"]
[Black "Tjolsen, Katrine"]
[Result "1/2-1/2"]
[WhiteElo "2177"]
[BlackElo "2066"]
[PlyCount "133"]
[EventDate "2008.04.08"]
[EventType "swiss"]
[EventRounds "9"]
[EventCountry "NOR"]
[Source "lmi"]
[SourceDate "2008.04.08"]

1. d4 Nf6 2. c4 g6 3. Nc3 Bg7 4. e4 d6 5. Nge2 a6 6. Ng3 c6 7. Be2 b5 8. O-O
Nbd7 9. Be3 bxc4 10. Bxc4 O-O 11. Bb3 a5 12. Re1 Nb6 13. Na4 Ng4 14. Bg5 Nxa4
15. Bxa4 Qb6 16. Ne2 Nf6 17. Qc2 Bb7 18. Rad1 Rac8 19. Nc3 h6 20. Bh4 Ba6 21.
Bb3 Rb8 22. e5 dxe5 23. dxe5 Nd5 24. Nxd5 cxd5 25. e6 g5 26. Bg3 Rbc8 27. Qd2
f5 28. Be5 Bc4 29. Bxg7 Kxg7 30. Bxc4 dxc4 31. h4 Kg6 32. Qc3 Qb4 33. Rd5 Qxc3
34. bxc3 a4 35. Ra5 Ra8 36. Ree5 a3 37. hxg5 hxg5 38. Rxf5 Rxa5 39. Rxa5 Rb8
40. Rxa3 Rb1+ 41. Kh2 Rc1 42. Kg3 Kf5 43. Kf3 Kxe6 44. Ke4 Re1+ 45. Kd4 Re2 46.
Ra6+ Kf5 47. Ra8 Kg4 48. Rf8 Rxa2 49. Kxc4 e5 50. Kd5 Ra5+ 51. Ke4 Rb5 52. Rf3
Kh5 53. Kf5 g4 54. Re3 e4+ 55. Kf4 Rb2 56. Rxe4 Rxf2+ 57. Kg3 Rc2 58. Rc4 Rd2
59. Rd4 Re2 60. c4 Rc2 61. Rd5+ Kg6 62. Rd4 Kh5 63. Re4 Rc3+ 64. Kf4 Rc2 65.
Re5+ Kh4 66. g3+ Kh3 67. Rh5+ 1/2-1/2

[Event "Gausdal Classics 2008 GM-B"]
[Site "Gausdal NOR"]
[Date "2008.04.09"]
[Round "2.29"]
[White "Getz, Nicolai"]
[Black "Saevareid, Ove"]
[Result "1-0"]
[WhiteElo "2058"]
[BlackElo "2162"]
[PlyCount "81"]
[EventDate "2008.04.08"]
[EventType "swiss"]
[EventRounds "9"]
[EventCountry "NOR"]
[Source "lmi"]
[SourceDate "2008.04.08"]

1. e4 e5 2. Nf3 Nc6 3. Bc4 Bc5 4. c3 Nf6 5. d3 a6 6. O-O d6 7. Bb3 O-O 8. h3 h6
9. Re1 Ba7 10. Nbd2 Nh5 11. Nf1 Qf6 12. Be3 Nf4 13. Ng3 Bxe3 14. fxe3 Ng6 15.
Rf1 Qd8 16. Nf5 Na5 17. Ba4 b5 18. Bc2 c5 19. b4 cxb4 20. cxb4 Nc6 21. Qe1 Be6
22. d4 Bc4 23. Rf2 Nge7 24. Nxe7+ Qxe7 25. d5 Nb8 26. Nd2 Rc8 27. Nxc4 Rxc4 28.
Bd3 Rc7 29. a4 bxa4 30. Rxa4 Raa7 31. Rfa2 Qd7 32. Kh2 Qe7 33. Bxa6 Nxa6 34.
Rxa6 Rxa6 35. Rxa6 Rc4 36. Qf1 Rc3 37. b5 g6 38. b6 Kg7 39. Ra7 Qf8 40. Qa6 Rc8
41. b7 1-0

[Event "Gausdal Classics 2008 GM-B"]
[Site "Gausdal NOR"]
[Date "2008.04.10"]
[Round "3.1"]
[White "Kveinys, Aloyzas"]
[Black "Sundararajan, Kidambi"]
[Result "1/2-1/2"]
[WhiteElo "2515"]
[BlackElo "2441"]
[PlyCount "74"]
[EventDate "2008.04.08"]
[EventType "swiss"]
[EventRounds "9"]
[EventCountry "NOR"]
[Source "lmi"]
[SourceDate "2008.04.08"]

1. d4 Nf6 2. c4 g6 3. Nf3 Bg7 4. g3 c6 5. Bg2 O-O 6. Nc3 d5 7. cxd5 cxd5 8. Ne5
e6 9. O-O Nfd7 10. Nf3 Nc6 11. Bf4 Nf6 12. Qd3 Bd7 13. Rfc1 Rc8 14. Bd6 Re8 15.
b4 Ne7 16. b5 Nf5 17. Be5 Qe7 18. a4 Nd6 19. Bxd6 Qxd6 20. Ne5 Rc7 21. Rc2 Rec8
22. Rac1 Be8 23. f4 Nd7 24. e4 Nxe5 25. dxe5 Qb6+ 26. Kf1 d4 27. Ne2 Rxc2 28.
Rxc2 Rxc2 29. Qxc2 Bf8 30. Qc4 a6 31. Nxd4 Bc5 32. Nb3 Bg1 33. Qe2 axb5 34. a5
Qa7 35. Bf3 b4 36. Kg2 Ba4 37. Qd2 Bxb3 1/2-1/2

[Event "Gausdal Classics 2008 GM-B"]
[Site "Gausdal NOR"]
[Date "2008.04.10"]
[Round "3.4"]
[White "Welling, Gerard"]
[Black "Saltaev, Mihail"]
[Result "1/2-1/2"]
[WhiteElo "2378"]
[BlackElo "2500"]
[PlyCount "24"]
[EventDate "2008.04.08"]
[EventType "swiss"]
[EventRounds "9"]
[EventCountry "NOR"]
[Source "lmi"]
[SourceDate "2008.04.08"]

1. d4 d5 2. Nf3 c6 3. Bf4 Nf6 4. a3 Nh5 5. Bd2 g6 6. e3 Bg7 7. c4 O-O 8. Nc3
Nf6 9. cxd5 cxd5 10. Ne5 e6 11. Be2 Nfd7 12. Nxd7 Bxd7 1/2-1/2

[Event "Gausdal Classics 2008 GM-B"]
[Site "Gausdal NOR"]
[Date "2008.04.10"]
[Round "3.5"]
[White "Flumbort, Andras"]
[Black "Kremenietsky, Anatoly M"]
[Result "1-0"]
[WhiteElo "2499"]
[BlackElo "2354"]
[PlyCount "103"]
[EventDate "2008.04.08"]
[EventType "swiss"]
[EventRounds "9"]
[EventCountry "NOR"]
[Source "lmi"]
[SourceDate "2008.04.08"]

1. d4 Nf6 2. c4 c6 3. Nc3 d5 4. e3 a6 5. Nf3 Bf5 6. Ne5 h6 7. Qb3 Bc8 8. cxd5
cxd5 9. Bd2 e6 10. Rc1 Be7 11. Bd3 O-O 12. O-O b5 13. Ne2 Nfd7 14. Bb1 Nxe5 15.
dxe5 Nd7 16. Bc3 Re8 17. Bd4 Nf8 18. Rfd1 Bd7 19. e4 dxe4 20. Ng3 Rc8 21. Rxc8
Qxc8 22. Nxe4 Rd8 23. Bb6 Re8 24. Bd4 Qc4 25. Qe3 Rc8 26. b3 Qd5 27. Nf6+ Bxf6
28. Be4 Bg5 29. f4 Bxf4 30. Qxf4 Rc1 31. Qxc1 Qxe4 32. Qe3 Qb7 33. Bc5 Ng6 34.
Qd4 Bc6 35. Qd8+ Kh7 36. Qb6 Bxg2 37. Qxb7 Bxb7 38. Rd7 Bd5 39. Rxf7 Nxe5 40.
Ra7 Kg6 41. Bf8 Nc6 42. Rxa6 Ne5 43. Ra5 Bc6 44. Ra6 Bd5 45. Bd6 Nd3 46. Ra5
Bc6 47. Kf1 Kf5 48. a4 e5 49. axb5 Bf3 50. b6 Ke6 51. Bf8 Kd7 52. Ra7+ 1-0